| 000 | 00633nam a2200205 4500 | ||
|---|---|---|---|
| 001 | 108727 | ||
| 003 | ES-MaACL | ||
| 005 | 20250702063055.0 | ||
| 007 | t| | ||
| 008 | 061121s1943 sp r ||||1| spa d | ||
| 100 | 0 |
_aMontoliu, Manuel de, _d1877-1961 _982679 |
|
| 245 | 1 | 0 |
_aVida de Gonzálo de Córdoba ( El Gran Capitán ) / _cpor Manuel de Montoliu. |
| 250 | _a6.ª ed. | ||
| 260 |
_aBarcelona : _bSeix Barral, _c1943. |
||
| 300 |
_a114 p. 9 lám ; _c19 cm. |
||
| 490 | 1 | _aVidas de grandes hombres | |
| 830 | 0 |
_aVidas de grandes hombres _9183755 |
|
| 852 |
_aES-MaACL _jC-7914 _bR.34847 |
||
| 999 |
_c108727 _d108727 |
||